000
00289cam a22001097a 4500
008
180718b1972 xxu||||| |||| 00| 0 eng d
082
_a
XAx54 In7p
245
_a
Seminar on economics of housing in national development
260
_a
Ootacamund
_b
_c
1972
300
_a
126p.
650
_a
Housing
999
_c
414162
_d
414162